Compendium Oeconomiae Ruralis
| Main Author: | |
|---|---|
| Other Authors: | |
| Format: | Book |
| Language: | Latin Hungarian German Slovak |
| PhysicalDescription: | [30], 358, [23] s. 20 cm |
| Published: |
Posonii
Typis Ioannis Michaelis Landerer
1790
|
| Subjects: |
MARC
| LEADER | 00000cam a2200000 a 4500 | ||
|---|---|---|---|
| 001 | vtls001304228 | ||
| 003 | SK-MaSNL | ||
| 005 | 20260301004924.0 | ||
| 008 | 240226s1799 xo lat | ||
| 015 | |a SNBHFA | ||
| 035 | |a SNK000256419 | ||
| 035 | |a 0318251F-C164-44BB-9AD1-817D9BE9C477 | ||
| 035 | |a urn:nbn:sk:snk-am00ii3y | ||
| 040 | |a SNKHFA |b slo |c SNKHFA |e AACR2 | ||
| 041 | 0 | |a lat |a hun |a ger |a slo | |
| 044 | |a xo |c SK | ||
| 072 | 7 | |a 63 |x Poľnohospodárstvo a príbuzné oblasti vedy a techniky |2 konspekt | |
| 080 | |a 63 |2 2001 | ||
| 080 | |a (075) |2 2011 | ||
| 100 | 1 | |a Pankl, Matúš, |d 1740-1798 |4 aut |9 288452 | |
| 245 | 1 | 0 | |a Compendium Oeconomiae Ruralis |c Quod In Usum Suorum Auditorum Conscripsit Matthaeus Pankl, In Regia Posoniensi Academia Physicae Et Rei Rusticae Professor Archidioecesis Strigoniensis Sacerdos |
| 260 | |a Posonii |b Typis Ioannis Michaelis Landerer |c 1790 | ||
| 300 | |a [30], 358, [23] s. |c 20 cm | ||
| 500 | |a Titulná strana s vinetou. Vinety. Ozdobné linky. Zložky. Kustody | ||
| 504 | |a Predslov. Úvod. Erráta | ||
| 504 | |a Slovník výrazov v latinčine, maďarčine, nemčine a slovenčine | ||
| 546 | |a Latinské a maďarské výrazy |b Antikva | ||
| 546 | |a Nemecké a slovenské výrazy |b Fraktúra | ||
| 650 | 0 | 7 | |a poľnohospodárstvo |2 SNKPH |9 679 |
| 655 | 7 | |a učebnice |2 SNKPH |9 22521 | |
| 700 | 1 | |a Landerer, Ján Michal, |d 1726-1795 |4 prt |9 158270 | |
| 752 | |a Slovensko |d Bratislava | ||
| 852 | |a Slovenská národná knižnica |b Historické fondy | ||
| 852 | |a snk |p SD 15621 | ||
| 958 | |a ONDV | ||
| 958 | |a DD | ||
| 999 | |c 543720 |d 545650 | ||
| 952 | |a SNK |b SNK |y PREZ |7 0 |p 17A0098789 |o snkSD 15621 D2 |i snkK 3072/66 |8 3 |0 0 |1 0 |4 0 |d 1997-09-29 |l 0 |r 2005-01-02 00:00:00 |w 2026-02-23 | ||
| 952 | |a SNK |b SNK |y PREZ |7 0 |p 17A0956599 |o snkSD 15621 |i snk2903/58 |3 rekatalogizácia |0 0 |1 0 |4 0 |d 2008-04-16 |f 1 |l 0 |r 2025-11-28 00:00:00 |w 2026-02-23 | ||


